000 00356cam a22001097a 4500
008 180718b1979 xxu||||| |||| 00| 0 eng d
082 _aA75 Ut8C
245 _aUttar Pradesh district gazetteers: Chamoli
_cedited by Saiyad Ali Akhtar Rizvi
260 _aLucknow
_bDepartment of District Gazetteers
_c1979
300 _a182p.
700 _aRizvi, Saiyad Ali Akhtar
999 _c486967
_d486967